[Event "ChessOrg Schachfestival  2015 - Open"]
[Site "Bad Wörishofen"]
[Date "2015.02.28"]
[Round "2.34"]
[White "Tennstedt, Andreas"]
[Black "Bergen, Klaus"]
[Result "1/2-1/2"]
[WhiteElo "2142"]
[BlackElo "1915"]
[Annotator "chessorg"]
[PlyCount "44"]
[EventDate "2015.??.??"]
[WhiteTeam "SV Griesheim (DA)"]
[BlackTeam "SK Aua"]

1. d4 Nf6 2. c4 g6 3. Nc3 Bg7 4. e4 d6 5. f3 O-O 6. Be3 e5 7. d5 c6 8. Bd3 cxd5
9. cxd5 a6 10. Nge2 b5 11. b4 Nh5 12. Qd2 f5 13. exf5 gxf5 14. O-O f4 15. Bf2
Nf6 16. Ne4 Nxe4 17. Bxe4 Nd7 18. a4 bxa4 19. Qd3 Nf6 20. Rxa4 Nxe4 21. fxe4
Bg4 22. Kh1 f3 1/2-1/2

[Event "ChessOrg Schachfestival  2015 - Open"]
[Site "Bad Wörishofen"]
[Date "2015.02.28"]
[Round "2.35"]
[White "Hornung, Hans"]
[Black "Jankowski, Moritz"]
[Result "1-0"]
[WhiteElo "2132"]
[BlackElo "1808"]
[Annotator "chessorg"]
[PlyCount "64"]
[EventDate "2015.??.??"]
[WhiteTeam "SK Ingolstadt"]
[BlackTeam "SK Marktoberdorf"]

1. Nf3 d5 2. d4 c6 3. c4 e6 4. e3 Bd6 5. b3 Nd7 6. Bb2 Ne7 7. Bd3 Ng6 8. O-O f5
9. Nc3 a6 10. a4 O-O 11. Qc2 Nh4 12. Nxh4 Bxh2+ 13. Kxh2 Qxh4+ 14. Kg1 Rf6 15.
f4 Rh6 16. Rf3 Qh2+ 17. Kf2 Nf6 18. Bf1 Ng4+ 19. Ke2 Qg1 20. Re1 dxc4 21. bxc4
b5 22. Kd1 b4 23. Nb1 Rh1 24. Qe2 c5 25. Nd2 Bb7 26. e4 fxe4 27. Nxe4 Bxe4 28.
Qxe4 Nf2+ 29. Rxf2 Qxf2 30. Qxe6+ Kf8 31. Qd6+ Kf7 32. Qd5+ Kf6 1-0

[Event "ChessOrg Schachfestival  2015 - Open"]
[Site "Bad Wörishofen"]
[Date "2015.02.28"]
[Round "2.41"]
[White "Schneider, Waldemar"]
[Black "Ballon, Guenther Jan"]
[Result "0-1"]
[WhiteElo "1808"]
[BlackElo "2105"]
[Annotator "chessorg"]
[PlyCount "48"]
[EventDate "2015.??.??"]
[BlackTeam "Caissa Amsterdam"]

1. d4 d5 2. c4 c6 3. e3 Nf6 4. Nf3 e6 5. Nc3 Nbd7 6. Be2 Bd6 7. O-O O-O 8. b3
dxc4 9. bxc4 e5 10. d5 cxd5 11. Nxd5 e4 12. Nxf6+ Qxf6 13. Nd4 Nc5 14. Ba3 b6
15. Nb5 Be5 16. Bxc5 bxc5 17. Rb1 a6 18. Na3 Qh6 19. h3 Bxh3 20. gxh3 Qxh3 21.
f4 Qxe3+ 22. Kg2 Bxf4 23. Rxf4 Qxf4 24. Qd5 Qe3 0-1

[Event "ChessOrg Schachfestival  2015 - Open"]
[Site "Bad Wörishofen"]
[Date "2015.02.28"]
[Round "2.48"]
[White "Schleich, Theo"]
[Black "Bruening, Wolfgang"]
[Result "1-0"]
[WhiteElo "2081"]
[BlackElo "1891"]
[Annotator "chessorg"]
[PlyCount "41"]
[EventDate "2015.??.??"]
[WhiteTeam "SK Siemens Muenchen"]
[BlackTeam "Queer-Springer SSV Berlin"]

1. d4 e6 2. e4 d5 3. e5 c5 4. c3 Nc6 5. Nf3 Qb6 6. a3 cxd4 7. cxd4 Nh6 8. b4
Bd7 9. Bb2 Rc8 10. Nbd2 Na5 11. Rc1 Rxc1 12. Qxc1 Nc6 13. Bd3 Be7 14. Nb3 O-O
15. O-O Rc8 16. Nc5 Qc7 17. Qc2 g6 18. Qd2 Kg7 19. Rc1 b6 20. Nxd7 Qxd7 21. Bb5
1-0

[Event "ChessOrg Schachfestival  2015 - Open"]
[Site "Bad Wörishofen"]
[Date "2015.02.28"]
[Round "2.53"]
[White "Müller, Wolfgang"]
[Black "Klamp, Christoph"]
[Result "1/2-1/2"]
[WhiteElo "1875"]
[BlackElo "2005"]
[Annotator "chessorg"]
[PlyCount "40"]
[EventDate "2015.??.??"]
[WhiteTeam "SK Marktoberdorf"]
[BlackTeam "SV Griesheim (DA)"]

1. e4 c5 2. Nf3 d6 3. d4 cxd4 4. Nxd4 Nf6 5. Nc3 a6 6. Be2 e5 7. Nf3 Be7 8. O-O
O-O 9. h3 Nbd7 10. Be3 b5 11. a3 Bb7 12. Nd2 Nc5 13. Bf3 Rc8 14. g3 Qd7 15. Kh2
a5 16. Bxc5 dxc5 17. Nb3 Qxd1 18. Rfxd1 b4 19. Nd5 Nxd5 20. exd5 Bd8 1/2-1/2

[Event "ChessOrg Schachfestival  2015 - Open"]
[Site "Bad Wörishofen"]
[Date "2015.02.28"]
[Round "2.63"]
[White "De Luna, Alberto"]
[Black "Von Saldern, Ruediger"]
[Result "0-1"]
[WhiteElo "1809"]
[BlackElo "1976"]
[Annotator "chessorg"]
[PlyCount "76"]
[EventDate "2015.??.??"]
[WhiteTeam "SV Oberstenfeld"]
[BlackTeam "SF Starnberger See e.V."]

1. d4 d5 2. Nf3 Nf6 3. e3 e6 4. Bd3 Nbd7 5. O-O c5 6. b3 cxd4 7. exd4 Be7 8.
Bb2 O-O 9. Nbd2 b6 10. Re1 Bb7 11. Ne5 Nxe5 12. dxe5 Nd7 13. Re3 g6 14. c4 Nc5
15. Bc2 dxc4 16. Nxc4 Qxd1+ 17. Rxd1 Rfd8 18. Nd6 Bd5 19. Nb5 Rac8 20. Nc3 Bb7
21. b4 Rxd1+ 22. Bxd1 Nd7 23. a3 Bg5 24. Re2 Ba6 25. b5 Bb7 26. Ne4 Bxe4 27.
Rxe4 Bc1 28. Rd4 Nxe5 29. Bxc1 Rxc1 30. Kf1 Nc4 31. a4 Nb2 32. Ke2 Rxd1 33.
Rxd1 Nxd1 34. Kxd1 e5 35. Kd2 Kf8 36. Kc3 Ke7 37. Kb4 Kd6 38. a5 Kd5 0-1

[Event "ChessOrg Schachfestival  2015 - Open"]
[Site "Bad Wörishofen"]
[Date "2015.02.28"]
[Round "2.67"]
[White "Taufer, Livio"]
[Black "Bauder, Herbert"]
[Result "1/2-1/2"]
[WhiteElo "1754"]
[BlackElo "1952"]
[Annotator "chessorg"]
[PlyCount "41"]
[EventDate "2015.??.??"]
[BlackTeam "SG Lasker Steglitz-Wilmersdorf"]

1. d4 Nf6 2. Nf3 g6 3. e3 Bg7 4. Nbd2 d6 5. Bd3 Nbd7 6. b3 O-O 7. Bb2 Re8 8.
O-O c6 9. a3 Qc7 10. h3 e5 11. dxe5 dxe5 12. Ng5 h6 13. Nge4 Nxe4 14. Nxe4 Nf6
15. Qf3 Nxe4 16. Qxe4 Bf5 17. Qh4 e4 18. Bxg7 Kxg7 19. Be2 g5 20. Qg3 Qxg3 21.
fxg3 1/2-1/2

[Event "ChessOrg Schachfestival  2015 - Open"]
[Site "Bad Wörishofen"]
[Date "2015.02.28"]
[Round "2.76"]
[White "Lotz, Ralf"]
[Black "Dahmen, Juergen"]
[Result "1-0"]
[WhiteElo "1952"]
[BlackElo "1749"]
[Annotator "chessorg"]
[PlyCount "57"]
[EventDate "2015.??.??"]
[WhiteTeam "SC 1952 Obertshausen"]
[BlackTeam "SV Stuttgart-Wolfbusch 1956 e.V."]

1. d4 d5 2. Nf3 Nf6 3. c4 dxc4 4. Nc3 a6 5. a4 e6 6. Bg5 Be7 7. e3 O-O 8. Bxc4
Nc6 9. O-O h6 10. Bh4 Bd7 11. Rc1 Na5 12. Ba2 b5 13. Bb1 Qb8 14. Qd3 Rc8 15.
Bxf6 Bxf6 16. Qh7+ Kf8 17. Ne4 Ke7 18. Nxf6 gxf6 19. Qc2 bxa4 20. Qc5+ Ke8 21.
Qxa5 Qb5 22. Qxb5 axb5 23. Rc5 Ke7 24. Be4 Ra7 25. Bc6 b4 26. Bxd7 Kxd7 27. Rb5
b3 28. Ra1 c6 29. Rxb3 1-0

[Event "ChessOrg Schachfestival  2015 - Open"]
[Site "Bad Wörishofen"]
[Date "2015.02.28"]
[Round "2.78"]
[White "Margraf, Christoph"]
[Black "Vaclahovsky, Gerhard"]
[Result "1-0"]
[WhiteElo "1951"]
[BlackElo "1709"]
[Annotator "chessorg"]
[PlyCount "71"]
[EventDate "2015.??.??"]
[WhiteTeam "SC Ansbach 1855 e.V."]
[BlackTeam "SK Keres-Augsburg 1980"]

1. d4 Nf6 2. Nc3 d5 3. Bg5 e6 4. e4 Be7 5. e5 Nfd7 6. Bxe7 Qxe7 7. f4 c5 8. Nb5
O-O 9. Nc7 cxd4 10. Nxa8 Nc5 11. Bd3 Nc6 12. Nf3 Nxd3+ 13. cxd3 f6 14. O-O b5
15. Qb3 Qb7 16. Rac1 a6 17. Nc7 Qxc7 18. Qc2 Bd7 19. Nxd4 Rc8 20. Nxc6 Bxc6 21.
d4 Qb6 22. Qd2 Rf8 23. Rc5 fxe5 24. fxe5 Rxf1+ 25. Kxf1 b4 26. Kg1 h6 27. Qc2
Bd7 28. Kf2 Qd8 29. g3 Kf7 30. h4 Qb6 31. Ke3 a5 32. Rc7 Ke7 33. Qc5+ Qxc5 34.
dxc5 Kd8 35. Ra7 a4 36. Rb7 1-0

[Event "ChessOrg Schachfestival  2015 - Open"]
[Site "Bad Wörishofen"]
[Date "2015.02.28"]
[Round "2.86"]
[White "Wagner, Leopold"]
[Black "Buchaeckert, Juergen"]
[Result "1/2-1/2"]
[WhiteElo "1643"]
[BlackElo "1931"]
[Annotator "chessorg"]
[PlyCount "61"]
[EventDate "2015.??.??"]
[WhiteTeam "BSG Gruen-Weiß Leipzig e. V."]
[BlackTeam "SK 1912 Ludwigshafen"]

1. Nf3 Nf6 2. d4 g6 3. c3 Bg7 4. Bg5 O-O 5. e3 d5 6. Bd3 Nbd7 7. Nbd2 Re8 8.
O-O e5 9. dxe5 Nxe5 10. Nxe5 Rxe5 11. Bf4 Re8 12. h3 c6 13. Qc2 Qb6 14. a4 a5
15. Nf3 Ne4 16. Rfe1 Nc5 17. Ra2 Nxd3 18. Qxd3 Bf5 19. Qd2 c5 20. g4 Be6 21.
Ng5 Rad8 22. Rd1 Bc8 23. Raa1 Qc6 24. c4 d4 25. f3 b6 26. Ne4 Bb7 27. Qe2 dxe3
28. Nd6 Rf8 29. Kg2 Bd4 30. Nxb7 Qxb7 31. Rac1 1/2-1/2

[Event "ChessOrg Schachfestival  2015 - Open"]
[Site "Bad Wörishofen"]
[Date "2015.02.28"]
[Round "2.92"]
[White "Malzer, Werner"]
[Black "Humburg, Eduard"]
[Result "1-0"]
[WhiteElo "1905"]
[BlackElo "1437"]
[Annotator "chessorg"]
[PlyCount "73"]
[EventDate "2015.??.??"]
[WhiteTeam "TSV Kirchenlaibach"]
[BlackTeam "SC Wolfratshausen 1948 e.V."]

1. c4 c5 2. g3 Nc6 3. Bg2 e6 4. Nc3 Nf6 5. e4 Ne5 6. d3 Nfg4 7. h3 Nf6 8. Nge2
Be7 9. O-O O-O 10. f4 Nfg4 11. fxe5 Nxe5 12. Be3 d6 13. Qd2 f5 14. Rf2 Ng6 15.
Raf1 fxe4 16. Rxf8+ Nxf8 17. Nxe4 d5 18. Nxc5 dxc4 19. Rd1 Bxc5 20. Bxc5 b6 21.
Bxa8 bxc5 22. dxc4 Qe7 23. Qd8 Qxd8 24. Rxd8 Ba6 25. b3 Kf7 26. Nf4 Ke7 27.
Rxf8 Kxf8 28. Nxe6+ Ke7 29. Nxc5 Bc8 30. Kg2 Kd6 31. Ne4+ Kc7 32. Bd5 a5 33. c5
Bb7 34. Bxb7 Kxb7 35. a3 Kc6 36. b4 a4 37. Nc3 1-0

[Event "ChessOrg Schachfestival  2015 - Senioren"]
[Site "Bad Wörishofen"]
[Date "2015.02.28"]
[Round "2.1"]
[White "Klein, Klaus"]
[Black "Schmid, Wolfgang"]
[Result "0-1"]
[WhiteElo "1971"]
[BlackElo "2179"]
[Annotator "chessorg"]
[PlyCount "48"]
[EventDate "2015.??.??"]
[WhiteTeam "Schachfreunde Heidelberg"]
[BlackTeam "SF Stuttgart 1879"]

1. e4 d5 2. exd5 Qxd5 3. Nc3 Qd8 4. d4 Nf6 5. Bd3 c6 6. Nge2 Bg4 7. Be3 e6 8.
Qd2 Bh5 9. h3 Bb4 10. Nf4 Bg6 11. a3 Ba5 12. b4 Bc7 13. Nce2 Nd5 14. c4 Nxf4
15. Nxf4 Bxf4 16. Bxg6 Bxe3 17. Bxf7+ Kxf7 18. fxe3 Rf8 19. O-O+ Kg8 20. Rxf8+
Kxf8 21. Rf1+ Kg8 22. Qc2 Nd7 23. Qe4 Qe7 24. d5 Nf6 0-1

[Event "ChessOrg Schachfestival  2015 - Open"]
[Site "Bad Wörishofen"]
[Date "2015.02.28"]
[Round "3.4"]
[White "Arnold, Max"]
[Black "Pap, Misa"]
[Result "0-1"]
[WhiteElo "2189"]
[BlackElo "2459"]
[Annotator "chessorg"]
[PlyCount "68"]
[EventDate "2015.??.??"]
[WhiteTeam "SF Dornstetten-Pfalzgrafenweiler e.V."]
[BlackTeam "SF Korbach"]

1. e4 e5 2. Nf3 Nc6 3. Bb5 a6 4. Ba4 Nf6 5. d3 Bc5 6. c3 b5 7. Bb3 O-O 8. Bg5
h6 9. Bh4 d6 10. Nbd2 Be6 11. Bd5 Bxd5 12. exd5 Nb8 13. Bxf6 Qxf6 14. Ne4 Qf5
15. Rg1 c6 16. dxc6 Nxc6 17. Qe2 Qe6 18. g4 Bb6 19. g5 d5 20. gxh6 Qxh6 21. Qd2
Qxd2+ 22. Nexd2 e4 23. dxe4 dxe4 24. Ng5 Rae8 25. Kf1 f5 26. a4 Ne5 27. axb5
axb5 28. Ra6 Rf6 29. Rg2 Nd3 30. Nh3 f4 31. Nb3 f3 32. Rg4 e3 33. fxe3 Rxe3 34.
Ra8+ Rf8 0-1

[Event "ChessOrg Schachfestival  2015 - Open"]
[Site "Bad Wörishofen"]
[Date "2015.02.28"]
[Round "3.5"]
[White "Lampert, Jonas"]
[Black "Boehmer, Christian"]
[Result "1-0"]
[WhiteElo "2454"]
[BlackElo "2204"]
[Annotator "chessorg"]
[PlyCount "119"]
[EventDate "2015.??.??"]
[WhiteTeam "Hamburger SK von 1830 eV"]
[BlackTeam "Freibauer Moerlenbach-Birkenau"]

1. e4 d6 2. d4 g6 3. Nc3 Bg7 4. f4 a6 5. Nf3 b5 6. Bd3 Nd7 7. e5 c5 8. Be4 Rb8
9. O-O b4 10. Ne2 Nh6 11. Ng3 e6 12. d5 exd5 13. Bxd5 dxe5 14. fxe5 Nb6 15.
Bc6+ Bd7 16. Bg5 Qc7 17. Bxd7+ Qxd7 18. Ne4 Qxd1 19. Raxd1 O-O 20. Nxc5 Rbc8
21. Nxa6 Rxc2 22. Bc1 b3 23. axb3 Ng4 24. Nb4 Rc5 25. Nd3 Rb5 26. Nd4 Rd5 27.
Nc6 Re8 28. h3 Nxe5 29. Ndxe5 Bxe5 30. Rxd5 Nxd5 31. Nxe5 Rxe5 32. Bd2 Re6 33.
Ra1 Re2 34. Bh6 f6 35. Ra7 Ne7 36. Kf1 Re4 37. Bd2 Kf7 38. Kf2 Ke6 39. Kf3 f5
40. Bc3 Nd5 41. Bd2 Rd4 42. Ke2 Ne7 43. Ra4 Nc6 44. Bc3 Rd7 45. Ra8 Rb7 46. Rh8
Kd5 47. Kd3 Rf7 48. Rg8 f4 49. Ke2 Ke4 50. Re8+ Kd5 51. Kf3 Kd6 52. Rg8 Rb7 53.
Kxf4 Ne7 54. Rg7 Ke6 55. b4 Nd5+ 56. Kf3 Rb5 57. Rxh7 Nxb4 58. Rg7 g5 59. Bxb4
Rxb4 60. Rxg5 1-0

[Event "ChessOrg Schachfestival  2015 - Open"]
[Site "Bad Wörishofen"]
[Date "2015.02.28"]
[Round "3.12"]
[White "Steinbacher, Matthias"]
[Black "Hornung, Hans"]
[Result "1-0"]
[WhiteElo "2284"]
[BlackElo "2132"]
[Annotator "chessorg"]
[PlyCount "35"]
[EventDate "2015.??.??"]
[BlackTeam "SK Ingolstadt"]

1. e4 g6 2. Nc3 Bg7 3. h4 h5 4. Nf3 d6 5. d4 Bg4 6. Be3 c6 7. Qd2 Bxf3 8. gxf3
d5 9. O-O-O e6 10. Na4 Nd7 11. c4 Nb6 12. Nc5 Qc8 13. cxd5 cxd5 14. Bb5+ Kf8
15. Kb1 Ne7 16. Rc1 Nc6 17. Nxb7 Nc4 18. Bxc4 1-0

[Event "ChessOrg Schachfestival  2015 - Open"]
[Site "Bad Wörishofen"]
[Date "2015.02.28"]
[Round "3.14"]
[White "Kuempers, Ulrich"]
[Black "Guttenthaler, Franz"]
[Result "0-1"]
[WhiteElo "2029"]
[BlackElo "2243"]
[Annotator "chessorg"]
[PlyCount "50"]
[EventDate "2015.??.??"]
[WhiteTeam "SC Tarrasch 45 Muenchen"]
[BlackTeam "Schachklub Germering e. V."]

1. d4 Nf6 2. c4 e6 3. Nf3 b6 4. g3 Ba6 5. Qc2 Bb7 6. Bg2 c5 7. d5 exd5 8. cxd5
Nxd5 9. O-O Be7 10. Rd1 Qc8 11. e4 Nc7 12. Nc3 O-O 13. e5 Nc6 14. Be3 Re8 15.
Qf5 d5 16. Qxc8 Raxc8 17. Nxd5 Nxd5 18. Rxd5 Nd4 19. Rxd4 cxd4 20. Bxd4 Red8
21. Bc3 Bc5 22. h4 h6 23. h5 Rc7 24. Re1 Rd3 25. Nh4 Rxg3 0-1

[Event "ChessOrg Schachfestival  2015 - Open"]
[Site "Bad Wörishofen"]
[Date "2015.02.28"]
[Round "3.16"]
[White "Hehn, Hartmut"]
[Black "Skembris, Spyridon"]
[Result "0-1"]
[WhiteElo "2010"]
[BlackElo "2429"]
[Annotator "chessorg"]
[PlyCount "54"]
[EventDate "2015.??.??"]
[WhiteTeam "SV Ebersbach"]
[BlackTeam "SK Freiburg Zaehringen 1887 e.V."]

1. e4 c6 2. d4 g6 3. Nf3 Bg7 4. Bd3 d6 5. O-O Bg4 6. c3 Nd7 7. Nbd2 Ngf6 8. h3
Bxf3 9. Nxf3 e5 10. a4 O-O 11. a5 d5 12. Bg5 dxe4 13. Bxe4 Qc7 14. Bc2 h6 15.
Bh4 Nh5 16. Re1 Rfe8 17. Qd3 exd4 18. Nxd4 Ne5 19. Bg3 a6 20. Bxe5 Rxe5 21.
Rxe5 Bxe5 22. Qc4 Nf4 23. Nf3 Rd8 24. g3 Nh5 25. Nxe5 Qxe5 26. Rd1 Re8 27. Kg2
Qe2 {time} 0-1

[Event "ChessOrg Schachfestival  2015 - Open"]
[Site "Bad Wörishofen"]
[Date "2015.02.28"]
[Round "3.18"]
[White "Roeder, Matthias"]
[Black "Stull, Norbert"]
[Result "1-0"]
[WhiteElo "2414"]
[BlackElo "2045"]
[Annotator "chessorg"]
[PlyCount "43"]
[EventDate "2015.??.??"]
[WhiteTeam "DJK Aufwaerts St. Josef Aachen 1920"]
[BlackTeam "Le Cavalier Differdingen"]

1. Nf3 Nf6 2. c4 g6 3. Nc3 Bg7 4. e4 d6 5. d4 O-O 6. h3 e5 7. d5 a5 8. Bg5 Na6
9. Nd2 Qe8 10. Be2 Nd7 11. a3 Nb6 12. b3 Bd7 13. Rb1 Nc5 14. Qc2 f5 15. b4 axb4
16. axb4 Nxe4 17. Ndxe4 fxe4 18. Be3 Na4 19. Nxe4 Rf4 20. Bd3 Bf5 21. f3 Bh6
22. Nf6+ 1-0

[Event "ChessOrg Schachfestival  2015 - Open"]
[Site "Bad Wörishofen"]
[Date "2015.02.28"]
[Round "3.27"]
[White "Wittfoth, Kai-Uve"]
[Black "Santl, Anton"]
[Result "1-0"]
[WhiteElo "2139"]
[BlackElo "2010"]
[Annotator "chessorg"]
[PlyCount "51"]
[EventDate "2015.??.??"]
[WhiteTeam "SF Bremer Osten"]
[BlackTeam "Schach-Union Muenchen e.V."]

1. d4 d5 2. Nf3 Nf6 3. g3 c5 4. Bg2 cxd4 5. O-O Nc6 6. Nxd4 e5 7. Nxc6 bxc6 8.
c4 e4 9. Nc3 Be6 10. Qa4 Nd7 11. cxd5 Nc5 12. Qc2 cxd5 13. Rd1 Rc8 14. Qd2 Be7
15. Nxd5 O-O 16. Nxe7+ Qxe7 17. Qa5 f5 18. Bf4 Nb7 19. Qxa7 Ra8 20. Qb6 Bxa2
21. Rdc1 Bd5 22. Rxa8 Rxa8 23. Rc7 Ra1+ 24. Bf1 Qd8 25. Rxb7 Bxb7 26. Qxd8+ 1-0

[Event "ChessOrg Schachfestival  2015 - Open"]
[Site "Bad Wörishofen"]
[Date "2015.02.28"]
[Round "3.29"]
[White "Bergen, Klaus"]
[Black "Jussupow, Nadja"]
[Result "0-1"]
[WhiteElo "1915"]
[BlackElo "2122"]
[Annotator "chessorg"]
[PlyCount "38"]
[EventDate "2015.??.??"]
[WhiteTeam "SK Aua"]
[BlackTeam "SK Krumbach"]

1. e4 e6 2. d4 d5 3. e5 c5 4. Nf3 cxd4 5. Bd3 Ne7 6. O-O Nec6 7. Re1 Nd7 8. a3
a5 9. b3 Nc5 10. Qe2 Nxd3 11. Qxd3 Be7 12. Bb2 O-O 13. Nxd4 f6 14. f4 fxe5 15.
fxe5 Bc5 16. Kh1 Qh4 17. g3 Qg4 18. c3 Rf2 19. Re2 Bxd4 0-1

[Event "ChessOrg Schachfestival  2015 - Open"]
[Site "Bad Wörishofen"]
[Date "2015.02.28"]
[Round "3.33"]
[White "Schatz, Christian"]
[Black "Hipp, Hermann"]
[Result "1-0"]
[WhiteElo "2178"]
[BlackElo "2007"]
[Annotator "chessorg"]
[PlyCount "39"]
[EventDate "2015.??.??"]
[WhiteTeam "TSV 1869 e. V. Rottendorf"]
[BlackTeam "SC Sonthofen"]

1. c4 c5 2. Nf3 b6 3. g3 Bb7 4. Bg2 Nf6 5. O-O g6 6. Nc3 Bg7 7. d4 cxd4 8. Qxd4
O-O 9. Qh4 d6 10. Rd1 Nbd7 11. Bg5 Rc8 12. Rac1 Re8 13. b3 a6 14. e4 Qc7 15.
Nd5 Bxd5 16. exd5 Qc5 17. Nd4 Qa3 18. Rc2 b5 19. Nc6 bxc4 20. Bc1 1-0

[Event "ChessOrg Schachfestival  2015 - Open"]
[Site "Bad Wörishofen"]
[Date "2015.02.28"]
[Round "3.41"]
[White "Von Saldern, Ruediger"]
[Black "Schoenberger, Peter"]
[Result "0-1"]
[WhiteElo "1976"]
[BlackElo "2097"]
[Annotator "chessorg"]
[PlyCount "70"]
[EventDate "2015.??.??"]
[WhiteTeam "SF Starnberger See e.V."]
[BlackTeam "Caissa Schwarmstedt"]

1. d4 Nf6 2. Nf3 g6 3. c4 Bg7 4. Nc3 O-O 5. e4 d6 6. Be2 e5 7. d5 a5 8. O-O Na6
9. Qc2 Bd7 10. a3 Qe7 11. Bd2 Nh5 12. Bd3 Nf4 13. Bxf4 exf4 14. h3 Nc5 15. Rae1
a4 16. Re2 g5 17. Nh2 h5 18. f3 Be5 19. Kf2 g4 20. hxg4 Qh4+ 21. Kg1 Kg7 22. g5
Kh8 23. Ref2 Rg8 24. Ne2 Rxg5 25. Kh1 Rag8 26. Ng1 Rg3 27. Rd1 Qg5 28. Bf1 h4
29. Qe2 Rg6 30. Qc2 h3 31. Qe2 hxg2+ 32. Rxg2 Rxg2 33. Bxg2 Qg3 34. Nf1 Rh6+
35. Bh3 Qh4 0-1

[Event "ChessOrg Schachfestival  2015 - Open"]
[Site "Bad Wörishofen"]
[Date "2015.02.28"]
[Round "3.43"]
[White "Schiffer, Steve"]
[Black "Walda, Michael"]
[Result "1-0"]
[WhiteElo "2073"]
[BlackElo "1945"]
[Annotator "chessorg"]
[PlyCount "47"]
[EventDate "2015.??.??"]
[WhiteTeam "Freibauer Moerlenbach-Birkenau"]
[BlackTeam "SAbt Niederraeder TG"]

1. e4 e5 2. Nf3 Nf6 3. Nxe5 d6 4. Nf3 Nxe4 5. d4 d5 6. Bd3 Nc6 7. O-O Be7 8.
Re1 Bf5 9. c4 Nb4 10. cxd5 Qxd5 11. Bxe4 Bxe4 12. Nc3 Bxf3 13. Qa4+ Qd7 14.
Rxe7+ Kxe7 15. Qxb4+ Qd6 16. Qxd6+ Kxd6 17. Bf4+ Kd7 18. gxf3 Rae8 19. Rc1 Re6
20. d5 Rf6 21. Bg3 h5 22. Ne4 Rf5 23. Rxc7+ Kd8 24. Nc5 1-0

[Event "ChessOrg Schachfestival  2015 - Open"]
[Site "Bad Wörishofen"]
[Date "2015.02.28"]
[Round "3.46"]
[White "Schmitzer, Peter"]
[Black "Blaeser, Romain"]
[Result "1-0"]
[WhiteElo "2060"]
[BlackElo "1913"]
[Annotator "chessorg"]
[PlyCount "77"]
[EventDate "2015.??.??"]
[WhiteTeam "SC Roter Turm Altstadt"]
[BlackTeam "Differdange"]

1. d4 c5 2. d5 d6 3. c4 e5 4. e4 Nf6 5. Nc3 Be7 6. Be2 O-O 7. Nf3 Ne8 8. O-O g6
9. Bh6 Ng7 10. Qd2 Nd7 11. h3 f5 12. exf5 gxf5 13. Ng5 Bxg5 14. Qxg5 Qxg5 15.
Bxg5 Nf6 16. Nb5 Nge8 17. a3 a6 18. Nc3 Bd7 19. b4 cxb4 20. axb4 Nc7 21. Rfd1
Kf7 22. c5 Rg8 23. h4 Rg6 24. f4 h6 25. h5 Rxg5 26. fxg5 hxg5 27. cxd6 Nce8 28.
b5 Rc8 29. bxa6 bxa6 30. Ra3 Nxd6 31. Bxa6 Rh8 32. Be2 g4 33. Ra7 Rxh5 34. Rc1
Rh8 35. Bb5 Rd8 36. Bc6 Ke8 37. Na4 Nxd5 38. Bxd5 Nc8 39. Ra8 1-0

[Event "ChessOrg Schachfestival  2015 - Open"]
[Site "Bad Wörishofen"]
[Date "2015.02.28"]
[Round "3.58"]
[White "Klamp, Christoph"]
[Black "Auschkalnis, Reinhard"]
[Result "1-0"]
[WhiteElo "2005"]
[BlackElo "1829"]
[Annotator "chessorg"]
[PlyCount "81"]
[EventDate "2015.??.??"]
[WhiteTeam "SV Griesheim (DA)"]
[BlackTeam "Schachclub Bonn Beuel"]

1. Nf3 d5 2. d4 c6 3. c4 Nf6 4. Qc2 g6 5. Bf4 Bg7 6. e3 Bf5 7. Qb3 Qb6 8. c5
Qxb3 9. axb3 Nbd7 10. h3 O-O 11. b4 b6 12. Ba6 bxc5 13. bxc5 Nh5 14. Bc7 Bxb1
15. Rxb1 Nhf6 16. Bb7 Rae8 17. O-O Nb8 18. Ra1 a6 19. Ne5 Nfd7 20. Nxd7 Nxd7
21. f4 Nb8 22. Rfb1 e6 23. Bxb8 Rxb8 24. Bxc6 Rfd8 25. Rxa6 e5 26. b4 exf4 27.
Kf2 f5 28. b5 fxe3+ 29. Kxe3 f4+ 30. Kd3 g5 31. Re1 Kf7 32. Ra7+ Kg6 33. Rae7
h5 34. Be8+ Kh7 35. Bc6 g4 36. hxg4 hxg4 37. Re8 f3 38. Rxd8 Rxd8 39. gxf3 gxf3
40. Rf1 Rf8 41. Bxd5 1-0

[Event "ChessOrg Schachfestival  2015 - Open"]
[Site "Bad Wörishofen"]
[Date "2015.02.28"]
[Round "3.59"]
[White "Frost, Peter"]
[Black "Straub, Hermann"]
[Result "1/2-1/2"]
[WhiteElo "1851"]
[BlackElo "2002"]
[Annotator "chessorg"]
[PlyCount "50"]
[EventDate "2015.??.??"]
[WhiteTeam "Bangkok Chess Club"]
[BlackTeam "SK Frankenthal"]

1. e4 b6 2. d4 Bb7 3. Bd3 Nf6 4. Qe2 Nc6 5. Nf3 Nb4 6. e5 Nxd3+ 7. Qxd3 Nd5 8.
a3 e6 9. c4 Ne7 10. Nc3 d5 11. cxd5 Nxd5 12. Ne4 h6 13. O-O Be7 14. Bd2 O-O 15.
h3 Qe8 16. Rac1 Rc8 17. Rfe1 a5 18. Rc2 f5 19. exf6 Nxf6 20. Ng3 Bd5 21. Ne5
Bd6 22. b4 axb4 23. Bxb4 Bxb4 24. axb4 Nd7 25. Nxd7 Qxd7 1/2-1/2

[Event "ChessOrg Schachfestival  2015 - Open"]
[Site "Bad Wörishofen"]
[Date "2015.02.28"]
[Round "3.60"]
[White "Keller, Alexander"]
[Black "Müller, Wolfgang"]
[Result "1-0"]
[WhiteElo "1979"]
[BlackElo "1875"]
[Annotator "chessorg"]
[PlyCount "25"]
[EventDate "2015.??.??"]
[WhiteTeam "SK Buchloe"]
[BlackTeam "SK Marktoberdorf"]

1. Nc3 d5 2. e4 d4 3. Nce2 e5 4. Ng3 Nf6 5. Bc4 a6 6. a4 Bd6 7. Nf3 Be6 8. Bxe6
fxe6 9. d3 Nbd7 10. O-O Qe7 11. c3 c5 12. Qb3 O-O 13. Nf5 1-0

[Event "ChessOrg Schachfestival  2015 - Open"]
[Site "Bad Wörishofen"]
[Date "2015.02.28"]
[Round "3.65"]
[White "Schinnerl, Werner"]
[Black "Taufer, Livio"]
[Result "1-0"]
[WhiteElo "1952"]
[BlackElo "1754"]
[Annotator "chessorg"]
[PlyCount "57"]
[EventDate "2015.??.??"]

1. e4 d6 2. d4 Nf6 3. Nc3 e5 4. dxe5 dxe5 5. Qxd8+ Kxd8 6. Bc4 Be6 7. Bxe6 fxe6
8. f3 a6 9. Be3 Bd6 10. O-O-O Ke7 11. Nh3 Nbd7 12. Nf2 Bc5 13. Bxc5+ Nxc5 14.
b4 Ncd7 15. Nd3 Ne8 16. Na4 b6 17. c4 c6 18. c5 b5 19. Nb6 Nxb6 20. cxb6 Nd6
21. Nxe5 Rac8 22. Kb1 c5 23. Rxd6 Kxd6 24. Nf7+ Ke7 25. Nxh8 c4 26. Rd1 Rxh8
27. e5 Rd8 28. Rxd8 Kxd8 29. f4 1-0

[Event "ChessOrg Schachfestival  2015 - Open"]
[Site "Bad Wörishofen"]
[Date "2015.02.28"]
[Round "3.68"]
[White "Dobierzin, Olaf"]
[Black "Schneider, Waldemar"]
[Result "1-0"]
[WhiteElo "1977"]
[BlackElo "1808"]
[Annotator "chessorg"]
[PlyCount "99"]
[EventDate "2015.??.??"]
[WhiteTeam "DBSB"]

1. e4 e5 2. Nf3 Nc6 3. Bb5 Nf6 4. d3 d6 5. O-O Be7 6. c3 O-O 7. Re1 Bd7 8. d4
Nxd4 9. Nxd4 exd4 10. Bxd7 Qxd7 11. cxd4 Rad8 12. Nc3 c6 13. h3 h6 14. Bf4 Rfe8
15. Qf3 Nh7 16. Qg3 Bg5 17. Bxg5 Nxg5 18. f4 Ne6 19. Rad1 Nf8 20. Qf3 f5 21.
exf5 Qxf5 22. g4 Qf6 23. Ne4 Qe6 24. f5 Qxa2 25. f6 Qf7 26. Rf1 g5 27. Ng3 Ng6
28. Nh5 d5 29. Rfe1 Nh4 30. Qg3 Nf5 31. Qf2 Nd6 32. Re5 Nc4 33. Rxe8+ Rxe8 34.
Re1 Kf8 35. b3 Nd6 36. Qd2 Ne4 37. Qb4+ Kg8 38. Rf1 Re6 39. Qa5 b6 40. Qa6 Kh7
41. Qc8 Nd2 42. Rf2 Ne4 43. Qxe6 Qxe6 44. f7 Nxf2 45. f8=N+ Kg8 46. Nxe6 Nxh3+
47. Kg2 Nf4+ 48. Nhxf4 gxf4 49. Kf3 Kf7 50. Nd8+ 1-0